[Event "DEM U18 2018"]
[Site "Willingen GER"]
[Date "2018.05.26"]
[Round "9"]
[White "Zimmer, Luca"]
[Black "Ortmeier, Leonhard"]
[Result "1/2-1/2"]
[Termination "normal"]
[Board "14"]
[WhiteElo "1633"]
[BlackElo "2141"]
[WhiteClock "00:00:59"]
[BlackClock "00:38:57"]
[PlyCount "80"]
[WhiteFideId "12921424"]
[BlackFideId "12993662"]
[EventCountry "GER"]
[EventRounds "9"]
[EventType "swiss"]
[EventDate "2018.05.19"]

1. e4 c5 2. Nf3 d6 3. Bc4 {[%clk 1:30:23]} 3... e6 {[%clk 1:27:27]} 4. d3 {
[%clk 1:24:29]} 4... Nc6 {[%clk 1:27:06]} 5. a3 {[%clk 1:21:47]} 5... Be7 {
[%clk 1:26:58]} 6. O-O {[%clk 1:16:37]} 6... Nf6 {[%clk 1:24:33]} 7. Ba2 {
[%clk 1:06:14]} 7... h6 {[%clk 1:24:33]} 8. c3 {[%clk 1:02:14]} 8... O-O {
[%clk 1:24:22]} 9. Be3 {[%clk 0:52:16]} 9... b6 {[%clk 1:23:42]} 10. Nbd2 {
[%clk 0:50:37]} 10... Bb7 {[%clk 1:20:34]} 11. d4 {[%clk 0:43:35]} 11... Nb8 {
[%clk 1:17:41]} 12. Qc2 {[%clk 0:42:34]} 12... cxd4 {[%clk 1:09:13]} 13. cxd4 {
[%clk 0:34:40]} 13... Qc8 {[%clk 1:08:43]} 14. Bb1 {[%clk 0:32:33]} 14... Qxc2
{[%clk 1:06:02]} 15. Bxc2 {[%clk 0:32:54]} 15... d5 {[%clk 1:03:57]} 16. e5 {
[%clk 0:32:10]} 16... Nfd7 {[%clk 1:04:22]} 17. Rac1 {[%clk 0:24:45]} 17... Nc6
{[%clk 1:02:05]} 18. Ba4 {[%clk 0:21:54]} 18... Rac8 {[%clk 1:00:39]} 19. Rc3 {
[%clk 0:21:42]} 19... Rc7 {[%clk 1:00:11]} 20. Rfc1 {[%clk 0:22:01]} 20... Rfc8
{[%clk 1:00:36]} 21. h3 {[%clk 0:19:51]} 21... Bd8 {[%clk 1:00:44]} 22. Ne1 {
[%clk 0:16:45]} 22... Ncb8 {[%clk 1:00:36]} 23. Rxc7 {[%clk 0:15:20]} 23...
Rxc7 {[%clk 1:01:00]} 24. Rxc7 {[%clk 0:15:14]} 24... Bxc7 {[%clk 1:01:25]} 25.
Bb5 {[%clk 0:14:34]} 25... f6 {[%clk 1:00:43]} 26. f4 {[%clk 0:14:04]} 26...
fxe5 {[%clk 1:00:48]} 27. fxe5 {[%clk 0:14:19]} 27... a6 {[%clk 1:00:40]} 28.
Bd3 {[%clk 0:14:33]} 28... b5 {[%clk 1:00:18]} 29. Nc2 {[%clk 0:08:31]} 29...
Kf7 {[%clk 0:58:56]} 30. Kf2 {[%clk 0:07:12]} 30... Nc6 {[%clk 0:57:37]} 31.
Nb3 {[%clk 0:04:22]} 31... Ke7 {[%clk 0:56:27]} 32. Ke2 {[%clk 0:03:37]} 32...
Bb6 {[%clk 0:55:52]} 33. Bd2 {[%clk 0:03:11]} 33... Kf7 {[%clk 0:54:59]} 34.
Kf3 {[%clk 0:02:32]} 34... Nf8 {[%clk 0:49:13]} 35. Kg3 {[%clk 0:01:33]} 35...
Ng6 {[%clk 0:49:14]} 36. h4 {[%clk 0:01:18]} 36... Nge7 {[%clk 0:47:55]} 37.
Kf4 {[%clk 0:00:59]} 37... Ng6+ {[%clk 0:46:17]} 38. Kg3 {[%clk 0:01:22]} 38...
Bc8 {[%clk 0:41:22]} 39. h5 {[%clk 0:01:08]} 39... Nge7 {[%clk 0:41:14]} 40.
Kf4 {[%clk 0:00:59]} 40... Bb7 {[%clk 0:38:57]} 1/2-1/2

[Event "DEM U16 2018"]
[Site "Willingen GER"]
[Date "2018.05.20"]
[Round "1"]
[White "Engel, Luis"]
[Black "Holinka, Henning"]
[Result "1-0"]
[Termination "normal"]
[Board "1"]
[WhiteElo "2461"]
[BlackElo "2185"]
[WhiteClock "01:29:04"]
[BlackClock "00:28:57"]
[PlyCount "91"]
[WhiteFideId "12961523"]
[BlackFideId "12967084"]
[EventCountry "GER"]
[EventRounds "9"]
[EventType "swiss"]
[EventDate "2018.05.19"]

1. e4 {[%clk 1:30:58]} 1... g6 {[%clk 1:30:53]} 2. d4 {[%clk 1:31:23]} 2... Bg7
{[%clk 1:31:16]} 3. Nc3 {[%clk 1:31:48]} 3... d6 {[%clk 1:31:40]} 4. f4 { [%clk
1:32:14]} 4... a6 {[%clk 1:32:00]} 5. Nf3 {[%clk 1:32:38]} 5... b5 { [%clk
1:32:03]} 6. Bd3 {[%clk 1:33:01]} 6... Nd7 {[%clk 1:32:06]} 7. e5 { [%clk
1:33:11]} 7... c5 {[%clk 1:32:17]} 8. Be4 {[%clk 1:33:34]} 8... Rb8 { [%clk
1:32:15]} 9. O-O {[%clk 1:33:50]} 9... cxd4 {[%clk 1:31:52]} 10. Nxd4 { [%clk
1:34:13]} 10... dxe5 {[%clk 1:31:22]} 11. Nc6 {[%clk 1:34:37]} 11... Qb6+
{[%clk 1:31:35]} 12. Kh1 {[%clk 1:35:00]} 12... f5 {[%clk 1:30:28]} 13. Nxb8 {
[%clk 1:34:16]} 13... Qxb8 {[%clk 1:29:28]} 14. Bd5 {[%clk 1:31:46]} 14... Ngf6
{[%clk 1:25:50]} 15. Bb3 {[%clk 1:29:46]} 15... Nc5 {[%clk 1:23:38]} 16. fxe5 {
[%clk 1:28:42]} 16... Ng4 {[%clk 1:21:46]} 17. h3 {[%clk 1:26:49]} 17... h5 {
[%clk 1:19:05]} 18. Qd5 {[%clk 1:18:31]} 18... Nxb3 {[%clk 1:15:55]} 19. axb3 {
[%clk 1:18:49]} 19... Bxe5 {[%clk 1:14:16]} 20. Qc6+ {[%clk 1:17:50]} 20... Kf7
{[%clk 1:14:17]} 21. Ne4 {[%clk 1:17:15]} 21... Nf6 {[%clk 1:10:43]} 22. Ng5+ {
[%clk 1:16:19]} 22... Kg7 {[%clk 1:08:11]} 23. Rxa6 {[%clk 1:07:16]} 23... Bxa6
{[%clk 1:02:44]} 24. Qe6 {[%clk 1:06:43]} 24... Qe8 {[%clk 0:48:44]} 25. Qxe5 {
[%clk 1:06:37]} 25... Qd7 {[%clk 0:47:31]} 26. Re1 {[%clk 1:05:59]} 26... Re8 {
[%clk 0:39:59]} 27. Ne6+ {[%clk 1:05:26]} 27... Kf7 {[%clk 0:37:07]} 28. Nc7
28... Bb7 {[%clk 0:33:31]} 29. Nxe8 {[%clk 1:06:00]} 29... Nxe8 {[%clk 0:33:09]
} 30. Kh2 {[%clk 1:04:26]} 30... Nf6 {[%clk 0:31:43]} 31. c4 {[%clk 1:03:15]}
31... bxc4 {[%clk 0:23:52]} 32. bxc4 {[%clk 1:03:38]} 32... Be4 {[%clk 0:23:18]
} 33. b3 {[%clk 0:59:16]} 33... Qd3 {[%clk 0:17:53]} 34. Ba3 {[%clk 0:58:51]}
34... e6 {[%clk 0:03:25]} 35. Qd6 {[%clk 0:58:11]} 35... Qxd6+ {[%clk 0:02:48]}
36. Bxd6 {[%clk 0:58:33]} 36... Ke8 {[%clk 0:02:30]} 37. Ra1 {[%clk 0:58:40]}
37... Bc2 {[%clk 0:01:14]} 38. b4 {[%clk 0:58:27]} 38... Ne4 {[%clk 0:01:21]}
39. Be5 {[%clk 0:58:08]} 39... Bd3 {[%clk 0:00:41]} 40. b5 {[%clk 0:57:55]}
40... Nc5 {[%clk 0:00:32]} 41. Ra8+ {[%clk 0:57:45]} 41... Kd7 {[%clk 0:29:49]}
42. Ra7+ {[%clk 1:28:38]} 42... Kd8 {[%clk 0:29:09]} 43. b6 {[%clk 1:28:30]}
43... Be4 {[%clk 0:28:40]} 44. Bf6+ {[%clk 1:28:25]} 44... Ke8 {[%clk 0:28:38]}
45. Re7+ {[%clk 1:28:47]} 45... Kf8 {[%clk 0:28:57]} 46. Rc7 {[%clk 1:29:04]}
1-0

[Event "DEM U16 2018"]
[Site "Willingen GER"]
[Date "2018.05.20"]
[Round "1"]
[White "Hoffmann, Lennard"]
[Black "Kopylov, Daniel"]
[Result "0-1"]
[Termination "normal"]
[Board "2"]
[WhiteElo "2013"]
[BlackElo "2298"]
[WhiteClock "00:16:31"]
[BlackClock "00:33:27"]
[PlyCount "106"]
[WhiteFideId "12943495"]
[BlackFideId "12921971"]
[EventCountry "GER"]
[EventRounds "9"]
[EventType "swiss"]
[EventDate "2018.05.19"]

1. e4 {[%clk 1:30:57]} 1... e6 {[%clk 1:30:15]} 2. d4 {[%clk 1:31:15]} 2... d5
{[%clk 1:30:37]} 3. Nc3 {[%clk 1:31:35]} 3... Bb4 {[%clk 1:30:25]} 4. e5 {
[%clk 1:31:22]} 4... Ne7 {[%clk 1:30:34]} 5. a3 {[%clk 1:30:53]} 5... Bxc3+ {
[%clk 1:30:46]} 6. bxc3 {[%clk 1:31:18]} 6... b6 {[%clk 1:30:51]} 7. Qg4 {
[%clk 1:28:50]} 7... Kf8 {[%clk 1:30:37]} 8. h4 {[%clk 1:19:11]} 8... Ba6 {
[%clk 1:30:26]} 9. h5 {[%clk 1:12:15]} 9... h6 {[%clk 1:29:33]} 10. Bd3 { [%clk
1:07:31]} 10... Bxd3 {[%clk 1:26:11]} 11. cxd3 {[%clk 1:07:51]} 11... c5 {[%clk
1:23:02]} 12. dxc5 {[%clk 1:02:38]} 12... bxc5 {[%clk 1:22:33]} 13. Ne2 {[%clk
1:01:02]} 13... Nbc6 {[%clk 1:20:04]} 14. d4 {[%clk 0:54:22]} 14... cxd4 {[%clk
1:08:47]} 15. cxd4 {[%clk 0:54:33]} 15... Qa5+ {[%clk 1:07:25]} 16. Bd2 {[%clk
0:52:52]} 16... Qa4 {[%clk 1:06:42]} 17. O-O {[%clk 0:51:48]} 17... Nxe5 {[%clk
1:03:57]} 18. Qf4 {[%clk 0:47:13]} 18... Nc4 {[%clk 1:01:22]} 19. Bb4 { [%clk
0:44:55]} 19... Qd7 {[%clk 1:00:14]} 20. Rab1 {[%clk 0:40:32]} 20... Kg8 {[%clk
0:58:42]} 21. Rb3 {[%clk 0:30:18]} 21... Nc6 {[%clk 0:49:40]} 22. Bc5 { [%clk
0:28:30]} 22... Rc8 {[%clk 0:38:24]} 23. Rfb1 {[%clk 0:26:57]} 23... Rc7 {[%clk
0:37:27]} 24. Rg3 {[%clk 0:23:18]} 24... f5 {[%clk 0:30:49]} 25. Rg6 { [%clk
0:17:59]} 25... e5 {[%clk 0:26:59]} 26. dxe5 {[%clk 0:10:32]} 26... N4xe5
{[%clk 0:23:45]} 27. Rd6 {[%clk 0:08:44]} 27... Qf7 {[%clk 0:23:32]} 28. Ng3 {
[%clk 0:07:08]} 28... Nd3 {[%clk 0:18:31]} 29. Qe3 {[%clk 0:07:30]} 29... Nce5
{[%clk 0:18:40]} 30. f4 {[%clk 0:05:17]} 30... Kh7 {[%clk 0:10:10]} 31. fxe5 {
[%clk 0:04:38]} 31... Nxc5 {[%clk 0:10:27]} 32. Qf2 {[%clk 0:03:36]} 32... Ne4
{[%clk 0:09:10]} 33. Nxe4 {[%clk 0:03:28]} 33... dxe4 {[%clk 0:09:28]} 34. e6 {
[%clk 0:03:18]} 34... Qxh5 {[%clk 0:08:42]} 35. Rf1 {[%clk 0:02:12]} 35... Rf8
{[%clk 0:08:42]} 36. Rd5 {[%clk 0:02:36]} 36... Qg6 {[%clk 0:07:27]} 37. Rxf5 {
[%clk 0:02:24]} 37... Rxf5 {[%clk 0:04:42]} 38. Qxf5 {[%clk 0:02:50]} 38... Re7
{[%clk 0:05:12]} 39. Qxg6+ {[%clk 0:01:21]} 39... Kxg6 {[%clk 0:05:36]} 40. Kf2
{[%clk 0:01:48]} 40... Rxe6 {[%clk 0:05:35]} 41. Ke3 {[%clk 0:30:09]} 41... Ra6
{[%clk 0:34:38]} 42. Ra1 {[%clk 0:29:14]} 42... Kf5 {[%clk 0:34:33]} 43. a4 {
[%clk 0:28:15]} 43... Ke5 {[%clk 0:34:40]} 44. a5 {[%clk 0:27:49]} 44... Rc6 {
[%clk 0:34:57]} 45. a6 {[%clk 0:21:38]} 45... Rc3+ {[%clk 0:35:03]} 46. Ke2 {
[%clk 0:21:27]} 46... Kd4 {[%clk 0:34:31]} 47. Rd1+ {[%clk 0:19:52]} 47... Rd3
{[%clk 0:34:21]} 48. Rc1 {[%clk 0:20:17]} 48... Re3+ {[%clk 0:33:59]} 49. Kf2 {
[%clk 0:20:25]} 49... Ra3 {[%clk 0:33:49]} 50. Rc6 {[%clk 0:18:46]} 50... Ra2+
{[%clk 0:32:54]} 51. Ke1 {[%clk 0:17:04]} 51... Kd3 52. Rg6 52... Ra1+ { [%clk
0:33:04]} 53. Kf2 {[%clk 0:16:31]} 53... e3+ {[%clk 0:33:27]} 0-1

[Event "DEM U16 2018"]
[Site "Willingen GER"]
[Date "2018.05.20"]
[Round "1"]
[White "Schmider, Niklas"]
[Black "Richter, Nils"]
[Result "1-0"]
[Termination "normal"]
[Board "3"]
[WhiteElo "2169"]
[BlackElo "2096"]
[WhiteClock "00:10:09"]
[BlackClock "00:06:29"]
[PlyCount "103"]
[WhiteFideId "12993778"]
[BlackFideId "12990809"]
[EventCountry "GER"]
[EventRounds "9"]
[EventType "swiss"]
[EventDate "2018.05.19"]

1. e4 {[%clk 1:30:58]} 1... c5 {[%clk 1:30:53]} 2. Nf3 {[%clk 1:31:24]} 2... a6
{[%clk 1:31:17]} 3. c3 {[%clk 1:31:47]} 3... d5 {[%clk 1:31:41]} 4. exd5 {
[%clk 1:31:40]} 4... Qxd5 {[%clk 1:32:01]} 5. d4 {[%clk 1:31:56]} 5... Nf6 {
[%clk 1:32:21]} 6. Be3 {[%clk 1:27:40]} 6... cxd4 {[%clk 1:29:56]} 7. cxd4 {
[%clk 1:28:03]} 7... e6 {[%clk 1:29:41]} 8. Nc3 {[%clk 1:27:56]} 8... Qd8 {
[%clk 1:29:43]} 9. Bd3 {[%clk 1:26:07]} 9... Be7 {[%clk 1:26:29]} 10. O-O {
[%clk 1:21:13]} 10... Nc6 {[%clk 1:24:48]} 11. a3 {[%clk 1:19:04]} 11... O-O {
[%clk 1:20:58]} 12. Rc1 {[%clk 0:59:39]} 12... Bd7 {[%clk 1:14:31]} 13. Bb1 {
[%clk 0:59:35]} 13... Rc8 {[%clk 1:08:18]} 14. Qd3 {[%clk 0:59:14]} 14... g6 {
[%clk 1:05:27]} 15. Ba2 {[%clk 0:52:44]} 15... b5 {[%clk 0:55:22]} 16. Bh6 {
[%clk 0:41:16]} 16... Re8 {[%clk 0:55:44]} 17. Ne4 {[%clk 0:40:55]} 17... Nxe4
{[%clk 0:48:31]} 18. Qxe4 {[%clk 0:41:16]} 18... Bf6 {[%clk 0:47:50]} 19. Rfd1
{[%clk 0:35:53]} 19... Ne7 {[%clk 0:41:35]} 20. Ne5 {[%clk 0:34:25]} 20... Nf5
{[%clk 0:36:12]} 21. Bf4 {[%clk 0:33:13]} 21... Nd6 {[%clk 0:30:06]} 22. Qe2 {
[%clk 0:30:39]} 22... Qe7 {[%clk 0:25:43]} 23. Rc5 {[%clk 0:26:59]} 23... Nf5 {
[%clk 0:21:13]} 24. b4 {[%clk 0:23:45]} 24... Red8 {[%clk 0:15:56]} 25. Bb1 {
[%clk 0:14:02]} 25... Ng7 {[%clk 0:10:32]} 26. h3 {[%clk 0:05:46]} 26... Nh5 {
[%clk 0:07:28]} 27. Bh2 {[%clk 0:05:55]} 27... Bg7 {[%clk 0:07:13]} 28. Be4 {
[%clk 0:05:43]} 28... Be8 {[%clk 0:04:19]} 29. Rdc1 {[%clk 0:04:02]} 29... Rxc5
{[%clk 0:04:28]} 30. dxc5 {[%clk 0:04:27]} 30... Qg5 {[%clk 0:04:02]} 31. Qe3 {
[%clk 0:03:32]} 31... Qe7 {[%clk 0:02:45]} 32. c6 {[%clk 0:02:26]} 32... Nf6 {
[%clk 0:02:18]} 33. Bf3 {[%clk 0:01:31]} 33... Nd5 {[%clk 0:02:13]} 34. Qe2 {
[%clk 0:01:53]} 34... Qg5 {[%clk 0:01:48]} 35. Nd3 {[%clk 0:01:41]} 35... Nb6 {
[%clk 0:01:27]} 36. Bf4 {[%clk 0:01:55]} 36... Qf6 {[%clk 0:01:10]} 37. Bc7 {
[%clk 0:01:50]} 37... Nc4 {[%clk 0:01:02]} 38. Bxd8 {[%clk 0:01:49]} 38... Qxd8
{[%clk 0:01:31]} 39. Nc5 {[%clk 0:01:57]} 39... Qb6 {[%clk 0:01:22]} 40. Nd7 {
[%clk 0:01:16]} 40... Qc7 {[%clk 0:01:11]} 41. Qd3 {[%clk 0:22:07]} 41... h6 {
[%clk 0:28:31]} 42. Rc2 {[%clk 0:20:15]} 42... Kh8 {[%clk 0:19:09]} 43. h4 {
[%clk 0:18:22]} 43... h5 {[%clk 0:17:32]} 44. g3 {[%clk 0:18:32]} 44... f5 {
[%clk 0:14:51]} 45. Re2 {[%clk 0:15:57]} 45... e5 {[%clk 0:14:33]} 46. Qd5 {
[%clk 0:14:31]} 46... e4 {[%clk 0:13:02]} 47. Bxe4 {[%clk 0:12:05]} 47... fxe4
{[%clk 0:11:45]} 48. Rxe4 {[%clk 0:12:31]} 48... Nd6 {[%clk 0:08:05]} 49. Re6 {
[%clk 0:11:44]} 49... Bxd7 {[%clk 0:07:42]} 50. cxd7 {[%clk 0:11:00]} 50... Nb7
{[%clk 0:07:09]} 51. Rc6 {[%clk 0:09:48]} 51... Qe5 {[%clk 0:06:29]} 52. Rc8+ {
[%clk 0:10:09]} 1-0

[Event "DEM U16 2018"]
[Site "Willingen GER"]
[Date "2018.05.20"]
[Round "1"]
[White "Mohammadi Nia, Borna"]
[Black "Wachinger, Nikolas"]
[Result "0-1"]
[Termination "normal"]
[Board "4"]
[WhiteElo "2029"]
[BlackElo "2208"]
[WhiteClock "00:34:43"]
[BlackClock "00:25:43"]
[PlyCount "62"]
[WhiteFideId "16207319"]
[BlackFideId "12962791"]
[EventCountry "GER"]
[EventRounds "9"]
[EventType "swiss"]
[EventDate "2018.05.19"]

1. e4 {[%clk 1:30:57]} 1... c5 {[%clk 1:30:47]} 2. Nf3 {[%clk 1:31:24]} 2... d6
{[%clk 1:31:04]} 3. d4 {[%clk 1:31:50]} 3... Nf6 {[%clk 1:31:13]} 4. Nc3 {
[%clk 1:31:55]} 4... cxd4 {[%clk 1:31:35]} 5. Nxd4 {[%clk 1:32:21]} 5... a6 {
[%clk 1:31:58]} 6. Bg5 {[%clk 1:32:48]} 6... Nbd7 {[%clk 1:32:06]} 7. Qe2 {
[%clk 1:33:13]} 7... h6 {[%clk 1:32:07]} 8. Bh4 {[%clk 1:33:39]} 8... g6 {
[%clk 1:32:27]} 9. f4 {[%clk 1:34:04]} 9... e5 {[%clk 1:32:43]} 10. fxe5 {
[%clk 1:34:30]} 10... dxe5 {[%clk 1:33:07]} 11. O-O-O {[%clk 1:34:56]} 11...
Qc7 {[%clk 1:33:25]} 12. Nb3 {[%clk 1:35:18]} 12... b5 {[%clk 1:33:39]} 13. Nd5
{[%clk 1:35:42]} 13... Nxd5 {[%clk 1:33:56]} 14. exd5 {[%clk 1:36:06]} 14...
Bd6 {[%clk 1:34:16]} 15. Qd2 {[%clk 1:36:06]} 15... f5 {[%clk 1:34:22]} 16. g4
{[%clk 1:36:27]} 16... f4 {[%clk 1:33:40]} 17. Bd3 {[%clk 1:34:31]} 17... Kf7 {
[%clk 1:28:23]} 18. Qg2 {[%clk 1:26:19]} 18... g5 {[%clk 1:25:59]} 19. Be1 {
[%clk 1:24:13]} 19... Nf6 {[%clk 1:25:49]} 20. h3 {[%clk 1:11:23]} 20... Re8 {
[%clk 1:07:44]} 21. Be4 {[%clk 1:06:40]} 21... Qc4 {[%clk 1:02:26]} 22. Bf5 {
[%clk 0:56:31]} 22... Bxf5 {[%clk 0:58:37]} 23. gxf5 {[%clk 0:56:56]} 23...
Rac8 {[%clk 0:57:37]} 24. Kb1 {[%clk 0:49:27]} 24... f3 {[%clk 0:44:38]} 25.
Qd2 {[%clk 0:47:54]} 25... e4 {[%clk 0:39:11]} 26. Na5 {[%clk 0:46:27]} 26...
Qc5 {[%clk 0:33:14]} 27. Nb7 {[%clk 0:43:52]} 27... e3 {[%clk 0:28:15]} 28. Qc3
{[%clk 0:38:57]} 28... Qb6 {[%clk 0:28:15]} 29. Nxd6+ {[%clk 0:37:38]} 29...
Qxd6 {[%clk 0:26:43]} 30. Qd4 {[%clk 0:37:33]} 30... Rc4 {[%clk 0:25:40]} 31.
Qd3 {[%clk 0:34:43]} 31... f2 {[%clk 0:25:43]} 0-1

[Event "DEM U16 2018"]
[Site "Willingen GER"]
[Date "2018.05.20"]
[Round "1"]
[White "Pajeken, Jakob Leon"]
[Black "Yankelevich, Michael"]
[Result "1-0"]
[Termination "normal"]
[Board "5"]
[WhiteElo "2278"]
[BlackElo "1986"]
[WhiteClock "00:46:58"]
[BlackClock "00:52:39"]
[PlyCount "48"]
[WhiteFideId "12942839"]
[BlackFideId "12921440"]
[EventCountry "GER"]
[EventRounds "9"]
[EventType "swiss"]
[EventDate "2018.05.19"]

1. d4 {[%clk 1:30:45]} 1... d5 {[%clk 1:29:52]} 2. Nf3 {[%clk 1:31:08]} 2... e6
{[%clk 1:30:04]} 3. c4 {[%clk 1:31:20]} 3... c6 {[%clk 1:30:18]} 4. e3 { [%clk
1:31:42]} 4... Nf6 {[%clk 1:30:42]} 5. b3 {[%clk 1:31:58]} 5... Nbd7 { [%clk
1:30:52]} 6. Bb2 {[%clk 1:32:20]} 6... Bd6 {[%clk 1:30:31]} 7. Bd3 { [%clk
1:32:43]} 7... O-O {[%clk 1:30:49]} 8. O-O {[%clk 1:33:03]} 8... b6 { [%clk
1:26:46]} 9. Nbd2 {[%clk 1:32:11]} 9... Bb7 {[%clk 1:22:06]} 10. Ne5 { [%clk
1:29:22]} 10... c5 {[%clk 1:20:16]} 11. Qe2 {[%clk 1:26:32]} 11... Rc8 { [%clk
1:14:50]} 12. Rad1 {[%clk 1:23:59]} 12... Qe7 {[%clk 1:12:27]} 13. f4 { [%clk
1:18:38]} 13... Rfd8 {[%clk 1:06:49]} 14. Bb1 {[%clk 1:03:29]} 14... Ne4 {[%clk
1:00:50]} 15. cxd5 {[%clk 0:57:23]} 15... exd5 {[%clk 1:00:24]} 16. Nxe4 {[%clk
0:57:32]} 16... dxe4 {[%clk 1:00:48]} 17. Nxd7 {[%clk 0:53:57]} 17... Rxd7
{[%clk 0:56:15]} 18. dxc5 {[%clk 0:53:49]} 18... bxc5 {[%clk 0:56:29]} 19. Qg4
{[%clk 0:53:23]} 19... g6 {[%clk 0:55:20]} 20. Bf6 {[%clk 0:51:37]} 20... Qe8
{[%clk 0:55:06]} 21. Rd2 {[%clk 0:47:09]} 21... Rc6 {[%clk 0:52:51]} 22. Bxe4
{[%clk 0:47:00]} 22... Qxe4 {[%clk 0:52:16]} 23. Qxd7 {[%clk 0:47:24]} 23...
Qxe3+ {[%clk 0:52:44]} 24. Kh1 {[%clk 0:46:58]} 24... Qxd2 { [%clk 0:52:39]}
1-0

[Event "DEM U16 2018"]
[Site "Willingen GER"]
[Date "2018.05.20"]
[Round "1"]
[White "Knüdel, Torben"]
[Black "Mütsch, Annmarie"]
[Result "1-0"]
[Termination "normal"]
[Board "8"]
[WhiteElo "2034"]
[BlackElo "2145"]
[WhiteClock "00:03:16"]
[BlackClock "00:00:34"]
[PlyCount "77"]
[WhiteFideId "16208820"]
[BlackFideId "12971367"]
[EventCountry "GER"]
[EventRounds "9"]
[EventType "swiss"]
[EventDate "2018.05.19"]

1. e4 {[%clk 1:30:58]} 1... e5 {[%clk 1:30:44]} 2. Nf3 {[%clk 1:31:22]} 2...
Nc6 {[%clk 1:31:08]} 3. Bb5 {[%clk 1:31:46]} 3... a6 {[%clk 1:31:29]} 4. Ba4 {
[%clk 1:32:12]} 4... d6 {[%clk 1:31:33]} 5. c3 {[%clk 1:25:52]} 5... g6 { [%clk
1:30:38]} 6. d4 {[%clk 1:23:36]} 6... Bd7 {[%clk 1:26:45]} 7. Bg5 { [%clk
1:18:24]} 7... Be7 {[%clk 1:23:20]} 8. Be3 {[%clk 1:07:30]} 8... Nf6 { [%clk
1:16:54]} 9. Nbd2 {[%clk 1:06:11]} 9... b5 {[%clk 1:13:14]} 10. Bb3 { [%clk
1:03:25]} 10... Ng4 {[%clk 1:09:18]} 11. Bd5 {[%clk 1:00:39]} 11... Rb8 { [%clk
1:05:26]} 12. a4 {[%clk 0:57:00]} 12... bxa4 {[%clk 0:59:06]} 13. Rxa4 { [%clk
0:52:31]} 13... exd4 {[%clk 0:46:10]} 14. Bxd4 {[%clk 0:34:57]} 14... Nxd4
{[%clk 0:41:52]} 15. Nxd4 {[%clk 0:33:41]} 15... Bxa4 {[%clk 0:33:55]} 16.
Qxa4+ {[%clk 0:33:16]} 16... Kf8 {[%clk 0:34:20]} 17. Qa2 {[%clk 0:30:05]}
17... Qe8 {[%clk 0:27:30]} 18. Nc4 {[%clk 0:27:16]} 18... Bf6 {[%clk 0:22:35]}
19. Nc6 {[%clk 0:25:18]} 19... Rc8 {[%clk 0:20:03]} 20. f4 {[%clk 0:24:00]}
20... Bh4+ {[%clk 0:14:52]} 21. g3 {[%clk 0:23:25]} 21... Nf6 {[%clk 0:15:03]}
22. Ne3 {[%clk 0:21:27]} 22... Nxd5 {[%clk 0:14:33]} 23. Qxd5 {[%clk 0:21:50]}
23... Bf6 {[%clk 0:14:37]} 24. O-O {[%clk 0:18:46]} 24... Qe6 {[%clk 0:13:15]}
25. Qd3 {[%clk 0:14:05]} 25... Qd7 {[%clk 0:07:33]} 26. Qc4 {[%clk 0:13:35]}
26... Kg7 {[%clk 0:07:00]} 27. Nd5 {[%clk 0:13:54]} 27... Qe6 {[%clk 0:06:17]}
28. f5 {[%clk 0:12:45]} 28... gxf5 {[%clk 0:04:33]} 29. exf5 {[%clk 0:12:49]}
29... Qe8 {[%clk 0:04:01]} 30. Kg2 {[%clk 0:09:48]} 30... Be5 {[%clk 0:03:31]}
31. f6+ {[%clk 0:09:01]} 31... Kf8 {[%clk 0:03:54]} 32. Nde7 {[%clk 0:05:33]}
32... Rb8 {[%clk 0:01:41]} 33. Qg4 {[%clk 0:05:24]} 33... Rxb2+ {[%clk 0:01:56]
} 34. Kh3 {[%clk 0:05:15]} 34... Bxf6 {[%clk 0:01:55]} 35. Rxf6 {[%clk 0:05:44]
} 35... h5 {[%clk 0:01:38]} 36. Qf5 {[%clk 0:04:54]} 36... Rb5 {[%clk 0:01:08]}
37. Nd5 {[%clk 0:02:57]} 37... Rc5 {[%clk 0:00:42]} 38. Nd4 {[%clk 0:03:16]}
38... c6 {[%clk 0:00:34]} 39. Ne6+ {[%clk 0:03:16]} 1-0